banner koha

Histórias de sucesso - agronegócios: ovinocaprinocultura (Registro n. 9141)

MARC details
000 -LÍDER
Campo de controle fixo 01055nam a22003617a 4500
001 - NÚMERO DE CONTROLE
Número de controle BR2023000536
003 - CÓDIGO MARC DA AGÊNCIA CATALOGADORA
Campo de controle BR-BrBNA
005 - DATA E HORA DA ÚLTIMA ATUALIZAÇÃO
Campo de controle 20230601154735.0
008 - CAMPO DE TAMANHO FIXO
Campo fixo de controle 230517b bl.||||| |||| 00| 0 por d
020 ## - ISBN - INTERNATIONAL STANDARD BOOK NUMBER
ISBN 978-85-7333-544-6
040 ## - FONTE DA CATALOGAÇÃO
Agência catalogadora BR-BrBNA
Idioma da catalogação por
041 ## - CÓDIGO DO IDIOMA
Código do Idioma por
072 ## - CATEGORIA AGRIS
Código da categoria de assunto E14 ; B50 ; C10
Código do objeto 5240 ; 5250
090 ## - NÚMERO DE CHAMADA
Número de Chamada 5240 BR2023000536
100 ## - ENTRADA PRINCIPAL - NOME PESSOAL
Nome pessoal Duarte, Renata Barbosa de Araújo (ed.)
110 ## - ENTRADA PRINCIPAL - ENTIDADE
Nome da entidade ou lugar Serviço Brasileiro de Apoio às Micro e Pequenas Empresas, Brasília, DF (Brazil)
245 ## - TÍTULO PRINCIPAL
Título principal Histórias de sucesso - agronegócios: ovinocaprinocultura
260 ## - IMPRENTA (PUBLICAÇÃO, DISTRIBUIÇÃO, ETC.)
Lugar de publicação, distribuição, etc. Brasília, DF (Brazil) :
Nome do editor, distribuidor, etc. SEBRAE/DF,
Data de publicação, distribuição, etc 2008
300 ## - DESCRIÇÃO FÍSICA
Extensão 40 p.
Detalhes físicos adicionais il.
500 ## - NOTA GERAL
Notas gerais 2 ref.; 2 illus.
650 ## - ASSUNTO - THESAGRO
Cabeçalho tópico ou nome geográfico OVINOCULTURA
650 ## - ASSUNTO - THESAGRO
Cabeçalho tópico ou nome geográfico CAPRINOCULTURA
650 ## - ASSUNTO - THESAGRO
Cabeçalho tópico ou nome geográfico HISTÓRIA
650 ## - ASSUNTO - THESAGRO
Cabeçalho tópico ou nome geográfico ASSOCIATIVISMO
650 ## - ASSUNTO - THESAGRO
Cabeçalho tópico ou nome geográfico GESTÃO
650 ## - ASSUNTO - THESAGRO
Cabeçalho tópico ou nome geográfico INOVAÇÃO
650 ## - ASSUNTO - THESAGRO
Cabeçalho tópico ou nome geográfico DESENVOLVIMENTO AGRÍCOLA
650 ## - ASSUNTO - THESAGRO
Cabeçalho tópico ou nome geográfico AGRONEGÓCIO
650 ## - ASSUNTO - THESAGRO
Cabeçalho tópico ou nome geográfico DESENVOLVIMENTO SUSTENTÁVEL
650 ## - ASSUNTO - THESAGRO
Cabeçalho tópico ou nome geográfico MÉTODO
909 ## - IDENTIFICAÇÃO DO CATALOGADOR
Ano e mês da catalogação (aaaamm) 202305
Identificação do catalogador Fernando
942 ## - TIPO ESPECÍFICO
Tipo de material Livros
952 ## - LOCATION AND ITEM INFORMATION (KOHA)
-- 2023-05-17
Exemplares
Status de empréstimo Fonte de classificação Status de danificação Não pode ser emprestado Código da coleção Localização permanente Localização atual Localização na estante Total Checkouts Número de chamada Código de barras Tipo de material
  Classificação AGRIS     Agrobase Biblioteca Nacional de Agricultura - Binagri Biblioteca Nacional de Agricultura - Binagri Agrobase - Acervo Geral   5240 BR2023000536 2023-435622 Livros

BINAGRI

Telefone: (61)3218-2567/2388/3357/2097 - binagri@agro.gov.br

Ministério da Agricultura e Pecuária , Esplanada dos Ministérios, Bloco D, Anexo B, Brasília/DF, CEP: 70.043-900